000 00808nam a2200253Ia 4500
003 OSt
005 20221005062254.0
006 a|||||r|||| 00| 0
007 ta
008 221004b |||||||| |||| 00| 0 eng d
020 _a9781138999800 (pbk)
_cUKP 31.99
024 _a45144
037 _b388/18-19, 29/01/2019, Kilaso Books
_cTextual
040 _aCRL
_cCRL
_beng
041 _2eng
_aeng
082 _aSN1:86, Q9
100 _aGelso Charles J. Au.
_9601613
245 0 _aTherapeutic relationship in psychotherapy practice
_b an integrative perspective
260 _aLondon
_bRoutledge UK
_c2019
300 _aviii,162p.
_ccm.
650 _aPSYCHOANALYSIS
942 _hSN1:86, Q9
_cTEXL
_2cc
999 _c969421
_d969421